书目信息 |
| 题名: |
自由主义、社会契约与政治辩论
|
|
| 作者: | 徐向东 著 | |
| 分册: | ||
| 出版信息: | 北京 北京大学出版社 2005 |
|
| 页数: | 376页 | |
| 开本: | 21cm | |
| 丛书名: | 爱智文丛 | |
| 单 册: | ||
| 中图分类: | D091.5 | |
| 科图分类: | ||
| 主题词: | 自由主义--政治哲学--研究--西方国家--现代 , 自由主义 , 政治哲学 | |
| 电子资源: | ||
| ISBN: | 7-301-09051-X | |
| 000 | 01117oam2 2200289 450 | |
| 001 | 012007429221 | |
| 005 | 20070517084216.60 | |
| 010 | @a7-301-09051-X@dCNY28.00 | |
| 100 | @a20070514d2005 km y0chiy0120 ea | |
| 101 | 0 | @achi |
| 102 | @aCN@b110000 | |
| 105 | @ay z 000yy | |
| 106 | @ar | |
| 200 | 1 | @a自由主义、社会契约与政治辩论@Azi you zhu yi、she hui qi yue yu zheng zhi bian lun@f徐向东著@Fxu xiang dong zhu |
| 210 | @a北京@c北京大学出版社@d2005 | |
| 215 | @a376页@d21cm | |
| 225 | 2 | @a爱智文丛 |
| 330 | @a本书是研究西方自由主义传统的一部哲学专著。自由主义作为西方的主流思潮有着深厚的文化传统。从古希腊到康德,到罗尔斯,西方的自由主义的理论资源十分丰富,而自由主义又和社会契约思想有着密切的联系,二者之间形成某种程度的互相依存的理论范畴,谈起此必及于彼。 | |
| 461 | 0 | @12001 @a爱智文丛 |
| 510 | 1 | @aLiberalism,social contract,and political justification@zeng |
| 606 | 0 | @a自由主义@x政治哲学@x研究@y西方国家@z现代 |
| 606 | 0 | @a自由主义 |
| 606 | 0 | @a政治哲学 |
| 690 | @aD091.5@v4 | |
| 701 | 0 | @a徐向东@Axu xiang dong@f(1965~)@4著 |
| 801 | 0 | @aCN@bRULIN@c20070517 |
| 905 | @dD091.5@e107@s8 | |
| 自由主义、社会契约与政治辩论/徐向东著.-北京:北京大学出版社,2005 |
| 376页;21cm.-(爱智文丛) |
| ISBN 7-301-09051-X:CNY28.00 |
| 本书是研究西方自由主义传统的一部哲学专著。自由主义作为西方的主流思潮有着深厚的文化传统。从古希腊到康德,到罗尔斯,西方的自由主义的理论资源十分丰富,而自由主义又和社会契约思想有着密切的联系,二者之间形成某种程度的互相依存的理论范畴,谈起此必及于彼。 |
| ● |
| 相关链接 |
|
|
|
|
正题名:自由主义、社会契约与政治辩论
索取号:D091.5/107
 
预约/预借
| 序号 | 登录号 | 条形码 | 馆藏地/架位号 | 状态 | 备注 |
| 1 | 0577621 | 205776212 | 第一样本阅览室/ [索取号:D091.5/107] | 在馆 | |
| 2 | 0577622 | 205776221 | 密集书库/ [索取号:D091.5/107] | 在馆 | |
| 3 | 0577623 | 205776230 | 第一借阅区/ [索取号:D091.5/107] | 在馆 | |
| 4 | 0577624 | 205776249 | 密集书库/ [索取号:D091.5/107] | 在馆 | |
| 5 | 0577625 | 205776258 | 第一借阅区/ [索取号:D091.5/107] | 在馆 | |
| 6 | 0577626 | 205776267 | 第一借阅区/ [索取号:D091.5/107] | 在馆 | |
| 7 | 0577627 | 205776276 | 密集书库/ [索取号:D091.5/107] | 在馆 | |
| 8 | 0577628 | 205776285 | 第一借阅区/ [索取号:D091.5/107] | 在馆 |